Logos de marques par lettre - X / Y / Z - Statistiques

Statistiques générales
  • Ce quiz a été pris 9 740 fois
  • Le résultat moyen est 14 sur 16
Statistiques - réponses
Par images Hint Réponse % Correct
Réseau social X | Twitter
100%
Vidéo YouTube
99%
Jeu vidéo X-Box
98%
Service web Yahoo!
98%
Mode Yves Saint Laurent
98%
Mode Zara
98%
Alimentaire Yoplait
95%
Cosmétique Yves Rocher
95%
Commerce en ligne Zalando
90%
Mode Zadig & Voltaire
86%
Vidéoconférence Zoom
85%
Musique YouTube Music
80%
Technologie Xiaomi
79%
Moto / Musique Yamaha
77%
Application mobile Yuka
66%
Imprimantes Xerox
22%
Aucun quiz correspondant
Distribution des résultats
% des personnes avec chaque résultat
Percentile par nombre de réponses
Votre historique - résultats
Vous n’avez pas pris ce quiz